000 00246nam a22001217a 4500
003 SGT
082 _a823
_bJAC
100 _aJACKSON LISA
245 _aRUNNING SCARED
260 _aLONDON
_bHODDER PUB
_c2011
300 _a514
942 _2ddc
_cBK
999 _c34016
_d34016